Bioresearch Titles (Record no. 81542)
[ view plain ]
| 000 -CABECERA | |
|---|---|
| campo de control de longitud fija | 00972cas a22002897ar4500 |
| 005 - FECHA Y HORA DE LA ÚLTIMA TRANSACCIÓN | |
| campo de control | 20220329142320.0 |
| 008 - DATOS DE LONGITUD FIJA--INFORMACIÓN GENERAL | |
| campo de control de longitud fija | 000614d19651966us mr pernn 0 b1eng d |
| 010 ## - NÚMERO DE CONTROL DE LA BIBLIOTECA DEL CONGRESO | |
| Número de control de LC | 81542 |
| 011 ## - ENLACE DEL NUMERO DE CONTROL DE LA BIBLIOTECA DEL CONGRESO [OBSOLETO] | |
| Número de control de LC | 82514 |
| 035 ## - NÚMERO DE CONTROL DEL SISTEMA | |
| Número de control de sistema | 93012 |
| 245 04 - MENCIÓN DE TÍTULO | |
| Título | Bioresearch Titles |
| Mención de responsabilidad, etc. | /by Bioscience Information Service of Biological Abstracts |
| 260 0# - PUBLICACIÓN, DISTRIBUCIÓN, ETC. | |
| Lugar de publicación, distribución, etc. | Philadelphia, PA. : |
| Nombre del editor, distribuidor, etc. | Bioscience Information Service of Biological Abstracts, |
| Fecha de publicación, distribución, etc. | 1965-1966. |
| 300 ## - DESCRIPCIÓN FÍSICA | |
| Extensión | v. |
| 310 ## - PERIODICIDAD ACTUAL | |
| Periodicidad actual | Mensual |
| 362 1# - FECHAS DE PUBLICACIÓN Y/O DESIGNACIÓN SECUENCIAL | |
| Fecha de publicación y/o designación secuencial | n.4, 1966 |
| 500 ## - NOTA GENERAL | |
| Nota general | Se dejó de recibir a partir del n.12 de 1966. |
| 590 ## - NOTA LOCAL (RLIN) | |
| Nota local | BATCH-UPD |
| Procedencia (VM) [OBSOLETO] | 10 |
| Condición del los carretes individuales (VM) [OBSOLETO] | 20130110 |
| -- | UCH01 |
| -- | 0858 |
| 590 ## - NOTA LOCAL (RLIN) | |
| Nota local | BATCH-UPD |
| Procedencia (VM) [OBSOLETO] | 10 |
| Condición del los carretes individuales (VM) [OBSOLETO] | 20130410 |
| -- | UCH01 |
| -- | 0528 |
| 590 ## - NOTA LOCAL (RLIN) | |
| Nota local | BATCH-UPD |
| Procedencia (VM) [OBSOLETO] | 10 |
| Condición del los carretes individuales (VM) [OBSOLETO] | 20130914 |
| -- | UCH01 |
| -- | 0635 |
| 590 ## - NOTA LOCAL (RLIN) | |
| Nota local | CONVERSION |
| Procedencia (VM) [OBSOLETO] | 10 |
| Condición del los carretes individuales (VM) [OBSOLETO] | 20130109 |
| -- | UCH01 |
| -- | 1345 |
| 650 14 - PUNTO DE ACCESO ADICIONAL DE MATERIA--TÉRMINO DE MATERIA | |
| Término de materia o nombre geográfico como elemento de entrada | Biología |
| Subdivisión general | Publicaciones periódicas. |
| 9 (RLIN) | 12799 |
| 785 10 - ENTRADA/ENLACE A UN TÍTULO POSTERIOR | |
| Título | Bioresearch Index |
| 866 ## - MENCIÓN TEXTUAL DE FONDOS--UNIDAD BIBLIOGRÁFICA BÁSICA | |
| Cadena textual | n.1-4 (1965) |
| 866 ## - MENCIÓN TEXTUAL DE FONDOS--UNIDAD BIBLIOGRÁFICA BÁSICA | |
| Cadena textual | n.4-8,10-12 (1966) |
| 901 ## - ELEMENTOS DE DATOS A LOCAL LDA (RLIN) | |
| a | SE |
| 905 ## - ELEMENTOS DE DATOS E LOCAL, LDE (RLIN) | |
| a | Lilia Sánchez G. |
No items available.
